[Event "POL-chT 1 Liga 2019"]
[Site "Dzwirzyno"]
[Date "2019.09.11"]
[Round "5.10"]
[White "Bartel, Michal"]
[Black "Reza, Wojciech"]
[Result "1/2-1/2"]
[WhiteElo "2291"]
[BlackElo "2293"]
[Annotator "NA"]
[PlyCount "93"]
[EventDate "2019.09.07"]
[EventType "team-tourn"]
[EventCountry "POL"]
[SourceTitle "playchess.com"]
[Source "ChessBase"]
[SourceQuality "1"]
[TimeControl "40/5400+30:1800+30"]

1. d4 {[%emt 0:00:00]} d5 {[%emt 0:03:01]} 2. Bf4 {[%emt 0:00:00]} c5 {[%emt 0:01:39]} 3. e3 {[%emt 0:00:00]} Nc6 {[%emt 0:14:12]} 4. c3 {[%emt 0:01:06]} Nf6 {[%emt 0:00:30]} 5. Nd2 {[%emt 0:00:09]} e6 {[%emt 0:08:29]} 6. Ngf3 {[%emt 0:05:33]} Bd6 {[%emt 0:02:11]} 7. Bg3 {[%emt 0:03:16]} O-O {[%emt 0:02:17]} 8. Bd3 {[%emt 0:00:16]} b6 {[%emt 0:08:04]} 9. Ne5 {[%emt 0:03:24]} Bb7 {[%emt 0:03:09]} 10. O-O {[%emt 0:03:06]} Qc7 {[%emt 0:04:22]} 11. f4 {[%emt 0:00:41]} Ne7 {[%emt 0:11:05]} 12. Qf3 {[%emt 0:16:18]} Nf5 {[%emt 0:02:05]} 13. Bf2 {[%emt 0:01:22]} Be7 {[%emt 0:00:41]} 14. Ng4 {[%emt 0:09:55]} Ne8 {[%emt 0:07:18]} 15. h3 {[%emt 0:11:06]} a5 {[%emt 0:03:44]} 16. Rfe1 {[%emt 0:06:05]} Ned6 {[%emt 0:03:31]} 17. Nh2 {[%emt 0:00:32]} cxd4 {[%emt 0:04:33]} 18. exd4 {[%emt 0:00:38]} Nc4 {[%emt 0:00:17]} 19. Qe2 {[%emt 0:03:26]} Qxf4 {[%emt 0:02:16]} 20. Nxc4 {[%emt 0:00:13]} dxc4 {[%emt 0:00:06]} 21. Bxc4 {[%emt 0:00:06]} Bd6 {[%emt 0:01:30]} 22. Nf1 {[%emt 0:00:24]} Qg5 {[%emt 0:01:05]} 23. Qg4 {[%emt 0:02:30]} Qxg4 {[%emt 0:00:38]} 24. hxg4 {[%emt 0:00:02]} Ne7 {[%emt 0:01:05]} 25. Be2 {[%emt 0:01:19]} Rac8 {[%emt 0:02:06]} 26. Bf3 {[%emt 0:04:33]} Bxf3 {[%emt 0:01:05]} 27. gxf3 {[%emt 0:00:02]} a4 {[%emt 0:00:10]} 28. Rac1 {[%emt 0:00:39]} b5 {[%emt 0:00:24]} 29. Bg3 {[%emt 0:01:21]} Rfd8 {[%emt 0:03:48]} 30. a3 {[%emt 0:07:54]} Nd5 {[%emt 0:00:42]} 31. Bxd6 {[%emt 0:00:26]} Rxd6 {[%emt 0:00:08]} 32. Rcd1 {[%emt 0:01:11]} f6 {[%emt 0:02:04]} 33. Ng3 {[%emt 0:00:54]} Kf7 {[%emt 0:01:20]} 34. Ne4 {[%emt 0:01:18]} Rdc6 {[%emt 0:00:09]} 35. Kf2 {[%emt 0:00:25]} h6 {[%emt 0:03:21]} 36. Kg3 {[%emt 0:00:23]} Re8 {[%emt 0:03:15]} 37. Rd2 {[%emt 0:01:10]} Nb6 {[%emt 0:01:12]} 38. Rde2 {[%emt 0:00:25]} Rd8 {[%emt 0:00:45]} 39. f4 {[%emt 0:00:41]} Nc4 {[%emt 0:00:19]} 40. f5 {[%emt 0:00:00]} e5 {[%emt 0:00:00]} 41. Nc5 {[%emt 0:04:56]} Kg8 {[%emt 0:10:40]} 42. Ne6 {[%emt 0:06:03]} Rd7 {[%emt 0:03:28]} 43. Kh4 {[%emt 0:07:52]} Kf7 {[%emt 0:02:38]} 44. Kg3 Kg8 45. dxe5 fxe5 46. Rxe5 Nxe5 47. Rxe5 1/2-1/2

[Event "POL-chT 1 Liga 2019"]
[Site "Dzwirzyno"]
[Date "2019.09.11"]
[Round "5.11"]
[White "Renkowski, Piotr"]
[Black "Sliwerski, Radoslaw"]
[Result "1-0"]
[WhiteElo "2179"]
[BlackElo "2078"]
[Annotator "NA"]
[PlyCount "43"]
[EventDate "2019.09.07"]
[EventType "team-tourn"]
[EventCountry "POL"]
[SourceTitle "playchess.com"]
[Source "ChessBase"]
[SourceQuality "1"]
[TimeControl "40/5400+30:1800+30"]

1. e4 {[%emt 0:00:00]} c5 {[%emt 0:00:00]} 2. Nc3 {[%emt 0:00:00]} d6 {[%emt 0:00:00]} 3. f4 {[%emt 0:00:11]} Nc6 {[%emt 0:00:13]} 4. Nf3 {[%emt 0:00:11]} g6 {[%emt 0:00:06]} 5. d4 {[%emt 0:00:08]} Bg7 {[%emt 0:02:29]} 6. Be3 {[%emt 0:00:43]} Bg4 {[%emt 0:02:33]} 7. dxc5 {[%emt 0:14:01]} Qa5 {[%emt 0:08:13]} 8. cxd6 {[%emt 0:14:45]} Bxc3+ {[%emt 0:00:53]} 9. bxc3 {[%emt 0:00:38]} Rd8 {[%emt 0:05:48]} 10. Bd3 {[%emt 0:09:04]} Qxc3+ {[%emt 0:04:09]} 11. Kf2 {[%emt 0:15:09]} Rxd6 {[%emt 0:02:33]} 12. Rb1 {[%emt 0:02:36]} Nf6 {[%emt 0:03:14]} 13. Qe1 {[%emt 0:02:43]} Qxe1+ {[%emt 0:01:31]} 14. Rhxe1 {[%emt 0:00:03]} Rd7 {[%emt 0:00:14]} 15. Ne5 {[%emt 0:00:13]} Rc7 {[%emt 0:02:26]} 16. Nxc6 {[%emt 0:00:16]} bxc6 {[%emt 0:00:02]} 17. f5 {[%emt 0:00:47]} O-O {[%emt 0:01:14]} 18. h3 {[%emt 0:00:09]} gxf5 {[%emt 0:04:36]} 19. exf5 {[%emt 0:00:49]} Bh5 {[%emt 0:00:44]} 20. g4 {[%emt 0:00:11]} Bxg4 {[%emt 0:00:22]} 21. Rg1 {[%emt 0:05:12]} h5 {[%emt 0:00:22]} 22. Bd4 {[%emt 0:01:47]} 1-0

[Event "POL-chT 1 Liga 2019"]
[Site "Dzwirzyno"]
[Date "2019.09.11"]
[Round "5.12"]
[White "Kulon, Klaudia"]
[Black "Jablonska, Sabina"]
[Result "1-0"]
[WhiteElo "2339"]
[BlackElo "1928"]
[Annotator "TA"]
[PlyCount "51"]
[EventDate "2019.09.07"]
[EventType "team-tourn"]
[EventCountry "POL"]
[SourceTitle "playchess.com"]
[Source "ChessBase"]
[SourceQuality "1"]

{[%evp 9,51,0,24,23,25,21,25,-3,10,19,27,-9,47,5,4,-1,35,38,31,0,0,-1,-2,-35,-30,-37,-14,0,0,0,52,51,64,58,81,90,111,90,91,52,484,442,606,576]} 1. f4 d5 2. Nf3 c5 3. g3 Nc6 4. Bg2 e6 5. O-O Bd6 6. d3 {A03: Bird's Opening with 1...d5} Nge7 7. e4 Bc7 8. e5 $146 {White has an edge.} ({Predecessor:} 8. Na3 a6 9. c4 O-O 10. Be3 d4 11. Bd2 f6 12. Bh3 {½-½ (23) Maiwald,J (2467)-Grandadam,N (2308) Wunsiedel 2012}) 8... b6 9. c3 Bb7 10. a3 a5 (10... Nf5 $11) 11. d4 a4 12. Be3 cxd4 13. Nxd4 Nxd4 14. cxd4 Qd7 15. Nc3 Ba6 16. Rf3 Bc4 17. g4 h5 18. Rh3 b5 19. Bf2 Ng6 ({Black should try} 19... Bb6 $11) 20. Rxh5 $14 Rxh5 21. gxh5 Nxf4 {[#]} 22. Qg4 $1 $36 {[%csl LRf4,LRg7][%cal Rg4f4][%mdl 2112] Double Attack. Black is under strong pressure.} Nd3 23. Bh4 Bd8 (23... Kf8 $2 {[#]} 24. h6 $1 $18 {[%mdl 512]}) 24. Bxd8 (24. Qxg7 $6 Bxh4 25. Qh8+ Ke7 $11) 24... Kxd8 $2 {[%mdl 8192]} (24... Qxd8 $14 25. Rf1 (25. Qxg7 Qh4 $14) 25... Nxe5 26. dxe5 Bxf1 27. Bxf1 (27. Kxf1 Kf8 $11) 27... b4) 25. Qxg7 $18 Nf4 26. Qf6+ {Accuracy: White = 58%, Black = 39%.} 1-0

[Event "POL-chT 1 Liga 2019"]
[Site "Dzwirzyno"]
[Date "2019.09.11"]
[Round "5.13"]
[White "Chylewski, Patryk"]
[Black "Kolago, Marcin"]
[Result "1/2-1/2"]
[WhiteElo "2342"]
[BlackElo "2340"]
[Annotator "TA"]
[PlyCount "34"]
[EventDate "2019.09.07"]
[EventType "team-tourn"]
[EventCountry "POL"]
[SourceTitle "playchess.com"]
[Source "ChessBase"]
[SourceQuality "1"]

{[%evp 10,34,35,39,69,70,107,62,67,70,56,47,65,43,47,62,65,46,46,46,43,37,29,0,0,0,0]} 1. e4 d5 2. exd5 Qxd5 3. Nc3 Qd6 4. d4 Nf6 5. Nf3 Bg4 6. h3 Bxf3 {B01: Scandinavian Defence} (6... Bh5 7. g4 Bg6 8. Ne5 Nbd7 9. Bf4 Nxe5 10. Bxe5 Qb6 11. Qf3 O-O-O 12. O-O-O e6 13. Bd3 Bb4 14. Bxg6 hxg6 {½-½ (55) Caruana,F (2828)-Moranda,W (2593) chess.com INT 2019}) 7. Qxf3 Nc6 8. Be3 O-O-O {White is slightly better.} 9. O-O-O e6 10. Bb5 $146 ({Predecessor:} 10. a3 Be7 11. Bc4 Na5 12. Ba2 Qa6 13. d5 Nc4 14. Bxc4 Qxc4 15. Rd4 Qa6 16. Ra4 Qd6 17. dxe6 Qxe6 18. Rxa7 c6 19. Bb6 Kb8 20. Qf4+ Rd6 21. Qa4 {1-0 (21) Lau,R (2490)-Mann,C (2445) Germany 1995}) 10... Be7 11. Rhe1 a6 12. Bf4 Qd7 $1 13. Bxc6 Qxc6 14. d5 Qc4 15. dxe6 Rxd1+ 16. Rxd1 Qxe6 17. Nd5 Nxd5 1/2-1/2

[Event "POL-chT 1 Liga 2019"]
[Site "Dzwirzyno"]
[Date "2019.09.11"]
[Round "5.15"]
[White "Nowak, Lukasz"]
[Black "Rawicz, Karol"]
[Result "1/2-1/2"]
[WhiteElo "2270"]
[BlackElo "2200"]
[Annotator "NA"]
[PlyCount "70"]
[EventDate "2019.09.07"]
[EventType "team-tourn"]
[EventCountry "POL"]
[SourceTitle "playchess.com"]
[Source "ChessBase"]
[SourceQuality "1"]
[TimeControl "40/5400+30:1800+30"]

1. d4 {[%emt 0:00:00]} d5 {[%emt 0:00:22]} 2. c4 {[%emt 0:00:00]} c6 {[%emt 0:00:10]} 3. Nf3 {[%emt 0:00:00]} Nf6 {[%emt 0:00:27]} 4. Nc3 {[%emt 0:00:09]} e6 {[%emt 0:00:24]} 5. Bg5 {[%emt 0:00:29]} dxc4 {[%emt 0:06:05]} 6. e4 {[%emt 0:00:34]} b5 {[%emt 0:00:28]} 7. e5 {[%emt 0:00:35]} h6 {[%emt 0:00:07]} 8. Bh4 {[%emt 0:00:12]} g5 {[%emt 0:00:10]} 9. Nxg5 {[%emt 0:00:09]} hxg5 {[%emt 0:00:04]} 10. Bxg5 {[%emt 0:00:07]} Nbd7 {[%emt 0:00:14]} 11. g3 {[%emt 0:00:15]} Qb6 {[%emt 0:08:28]} 12. exf6 {[%emt 0:00:19]} Bb7 {[%emt 0:00:26]} 13. Bg2 {[%emt 0:00:13]} O-O-O {[%emt 0:00:23]} 14. O-O {[%emt 0:00:13]} c5 {[%emt 0:09:19]} 15. d5 {[%emt 0:00:51]} b4 {[%emt 0:04:13]} 16. Rb1 {[%emt 0:01:36]} Qa6 {[%emt 0:09:29]} 17. dxe6 {[%emt 0:03:33]} Bxg2 {[%emt 0:07:55]} 18. e7 {[%emt 0:00:41]} Bxe7 {[%emt 0:45:31]} 19. fxe7 {[%emt 0:00:24]} Rdg8 {[%emt 0:00:01]} 20. Kxg2 {[%emt 0:04:45]} Rxg5 {[%emt 0:00:44]} 21. Ne4 {[%emt 0:22:17]} Qc6 {[%emt 0:00:02]} 22. f3 {[%emt 0:00:45]} Rd5 {[%emt 0:00:14]} 23. Qe2 {[%emt 0:01:55]} Ne5 {[%emt 0:04:07]} 24. Rbd1 {[%emt 0:21:58]} Rd4 {[%emt 0:00:19]} 25. Rfe1 {[%emt 0:07:37]} Nd3 {[%emt 0:02:09]} 26. Rh1 {[%emt 0:17:34]} Re8 {[%emt 0:00:06]} 27. b3 {[%emt 0:02:57]} Rxe7 {[%emt 0:00:16]} 28. bxc4 {[%emt 0:05:29]} Rexe4 {[%emt 0:00:02]} 29. fxe4 {[%emt 0:00:15]} Rxe4 {[%emt 0:00:02]} 30. Qxd3 {[%emt 0:00:33]} Re2+ {[%emt 0:00:04]} 31. Kh3 {[%emt 0:00:24]} Qe6+ {[%emt 0:00:09]} 32. g4 {[%emt 0:02:22]} Re3+ {[%emt 0:00:17]} 33. Qxe3 {[%emt 0:00:18]} Qxe3+ {[%emt 0:00:03]} 34. Kh4 {[%emt 0:00:09]} Qh6+ {[%emt 0:00:52]} 35. Kg3 {[%emt 0:00:14]} Qe3+ {[%emt 0:01:21]} 1/2-1/2

[Event "POL-chT 1 Liga 2019"]
[Site "Dzwirzyno"]
[Date "2019.09.11"]
[Round "5.16"]
[White "Jaroch, Karol"]
[Black "Kokoszczynski, Jan"]
[Result "1-0"]
[WhiteElo "2236"]
[BlackElo "2289"]
[Annotator "RC"]
[PlyCount "221"]
[EventDate "2019.09.07"]
[EventType "team-tourn"]
[EventCountry "POL"]
[SourceTitle "playchess.com"]
[Source "ChessBase"]
[SourceQuality "1"]
[TimeControl "40/5400+30:1800+30"]

1. d4 {[%emt 0:00:00]} Nf6 {[%emt 0:00:14]} 2. c4 {[%emt 0:00:00]} e6 {[%emt 0:00:19]} 3. Nf3 {[%emt 0:00:00]} b6 {[%emt 0:01:00]} 4. Bg5 {[%emt 0:00:00]} h6 {[%emt 0:07:12]} 5. Bxf6 {[%emt 0:05:27]} Qxf6 {[%emt 0:00:30]} 6. g3 {[%emt 0:02:21]} Bb7 {[%emt 0:02:36]} 7. Bg2 {[%emt 0:00:07]} Bb4+ {[%emt 0:02:00]} 8. Nbd2 {[%emt 0:00:26]} c5 {[%emt 0:00:55]} 9. dxc5 {[%emt 0:13:05]} bxc5 {[%emt 0:09:57]} 10. O-O {[%emt 0:03:57]} O-O {[%emt 0:13:35]} 11. Nb3 {[%emt 0:10:04]} d5 {[%emt 0:09:57]} 12. Qc2 {[%emt 0:19:09]} dxc4 {[%emt 0:09:07]} 13. Ng5 {[%emt 0:04:35]} hxg5 {[%emt 0:00:24]} 14. Bxb7 {[%emt 0:00:06]} cxb3 {[%emt 0:01:13]} 15. Qe4 {[%emt 0:03:25]} Nd7 {[%emt 0:10:10]} 16. Bxa8 {[%emt 0:00:13]} Nb6 {[%emt 0:00:18]} 17. Bc6 {[%emt 0:00:49]} Qxb2 {[%emt 0:01:31]} 18. axb3 {[%emt 0:01:16]} a5 {[%emt 0:00:50]} 19. Rab1 {[%emt 0:00:14]} Qf6 {[%emt 0:04:21]} 20. Rfd1 {[%emt 0:00:38]} Rd8 {[%emt 0:03:14]} 21. Kg2 {[%emt 0:07:50]} g6 {[%emt 0:00:46]} 22. Rd3 {[%emt 0:01:34]} Rd4 {[%emt 0:00:24]} 23. Rxd4 {[%emt 0:01:34]} cxd4 {[%emt 0:00:45]} 24. Qd3 {[%emt 0:00:54]} Nc8 {[%emt 0:01:09]} 25. Rh1 {[%emt 0:07:08]} Ne7 {[%emt 0:03:22]} 26. Be4 {[%emt 0:01:46]} Kg7 {[%emt 0:00:25]} 27. h4 {[%emt 0:00:08]} gxh4 {[%emt 0:00:38]} 28. Rxh4 {[%emt 0:00:07]} Qe5 {[%emt 0:01:21]} 29. Qa6 {[%emt 0:02:02]} Ng8 {[%emt 0:01:24]} 30. Qa8 {[%emt 0:03:20]} Be7 {[%emt 0:03:08]} 31. Rh1 {[%emt 0:00:11]} Bb4 {[%emt 0:00:11]} 32. Bd3 {[%emt 0:00:10]} Qd6 {[%emt 0:04:53]} 33. Rh4 {[%emt 0:02:05]} Bc3 {[%emt 0:00:32]} 34. Qc8 {[%emt 0:05:42]} Qd5+ {[%emt 0:02:53]} 35. Be4 {[%emt 0:00:17]} Qd6 {[%emt 0:01:23]} 36. Bf3 {[%emt 0:00:11]} Qe5 {[%emt 0:02:34]} 37. Qc6 {[%emt 0:04:05]} Ne7 {[%emt 0:01:26]} 38. Qd7 {[%emt 0:01:04]} Ng8 {[%emt 0:00:47]} 39. Re4 {[%emt 0:00:34]} Qf6 {[%emt 0:01:33]} 40. Bg4 {[%emt 0:00:00]} Qe7 {[%emt 0:00:00]} 41. Qxe7 {[%emt 0:10:00]} Nxe7 {[%emt 0:00:23]} 42. Bf3 {[%emt 0:00:51]} Nf5 {[%emt 0:05:52]} 43. Kf1 {[%emt 0:01:09]} Kf6 {[%emt 0:09:34]} 44. e3 {[%emt 0:08:35]} dxe3 {[%emt 0:16:10]} 45. g4 {[%emt 0:00:06]} Nd4 {[%emt 0:00:06]} 46. Rxe3 {[%emt 0:00:10]} Bb4 {[%emt 0:00:04]} 47. Be2 {[%emt 0:02:00]} g5 {[%emt 0:01:21]} 48. Bc4 {[%emt 0:00:31]} Ke7 {[%emt 0:00:52]} 49. Re4 {[%emt 0:00:26]} Bc3 {[%emt 0:00:27]} 50. Re3 {[%emt 0:00:57]} Bb4 {[%emt 0:00:07]} 51. Rd3 {[%emt 0:00:41]} Bc5 {[%emt 0:00:15]} 52. Rh3 {[%emt 0:00:52]} f5 {[%emt 0:01:20]} 53. gxf5 {[%emt 0:01:09]} exf5 {[%emt 0:00:05]} 54. Rh6 {[%emt 0:00:05]} g4 {[%emt 0:00:37]} 55. Kg2 {[%emt 0:00:42]} Bd6 {[%emt 0:00:23]} 56. Bd5 {[%emt 0:00:32]} Bf4 {[%emt 0:00:51]} 57. Rb6 {[%emt 0:00:24]} Bd2 {[%emt 0:00:15]} 58. f3 {[%emt 0:00:28]} gxf3+ {[%emt 0:00:31]} 59. Bxf3 {[%emt 0:00:02]} f4 {[%emt 0:00:46]} 60. Bd5 {[%emt 0:00:18]} Kd7 {[%emt 0:00:10]} 61. Kh3 {[%emt 0:00:29]} f3 {[%emt 0:00:46]} 62. Rf6 {[%emt 0:00:29]} Be1 {[%emt 0:00:31]} 63. Rf4 {[%emt 0:00:35]} Bc3 {[%emt 0:00:32]} 64. Bxf3 {[%emt 0:00:21]} Kd6 {[%emt 0:00:31]} 65. Bd1 {[%emt 0:00:25]} Ke5 {[%emt 0:00:29]} 66. Kg4 {[%emt 0:00:16]} Bd2 {[%emt 0:00:15]} 67. Rf8 {[%emt 0:00:11]} Ke4 {[%emt 0:00:18]} 68. Rc8 {[%emt 0:01:11]} Kd3 {[%emt 0:00:38]} 69. Rc4 {[%emt 0:01:13]} Be3 {[%emt 0:00:10]} 70. Ra4 {[%emt 0:03:46]} Kd2 {[%emt 0:00:46]} 71. Bf3 {[%emt 0:00:58]} Nxb3 {[%emt 0:00:39]} 72. Bd5 {[%emt 0:00:10]} Nd4 {[%emt 0:00:43]} 73. Rxa5 {[%emt 0:00:06]} Kc3 {[%emt 0:00:31]} 74. Ra3+ {[%emt 0:00:10]} Kd2 {[%emt 0:00:02]} 75. Bc4 {[%emt 0:00:16]} Nc2 {[%emt 0:00:12]} 76. Rd3+ {[%emt 0:00:15]} Kc1 {[%emt 0:01:09]} 77. Bb3 {[%emt 0:00:14]} Bd2 {[%emt 0:00:05]} 78. Rd8 {[%emt 0:00:19]} Bc3 {[%emt 0:00:20]} 79. Kf4 {[%emt 0:00:24]} Kb2 {[%emt 0:00:13]} 80. Bc4 {[%emt 0:00:17]} Bf6 {[%emt 0:01:05]} 81. Rc8 {[%emt 0:00:25]} Bg7 {[%emt 0:00:36]} 82. Ke4 {[%emt 0:00:05]} Bf6 {[%emt 0:00:11]} 83. Rc7 {[%emt 0:00:55]} Bd8 {[%emt 0:00:45]} 84. Rf7 {[%emt 0:00:20]} Kc3 {[%emt 0:00:29]} 85. Bd3 {[%emt 0:00:29]} Nb4 {[%emt 0:00:11]} 86. Rf3 {[%emt 0:00:13]} Bb6 {[%emt 0:00:42]} 87. Bb5+ {[%emt 0:00:11]} Kd2 {[%emt 0:00:19]} 88. Ba4 {[%emt 0:01:50]} Bc5 {[%emt 0:00:33]} 89. Rb3 {[%emt 0:00:42]} Be7 {[%emt 0:00:20]} 90. Kd4 {[%emt 0:00:12]} Nc2+ {[%emt 0:00:18]} 91. Ke4 {[%emt 0:00:38]} Nb4 {[%emt 0:00:03]} 92. Rf3 {[%emt 0:00:55]} Bc5 {[%emt 0:00:18]} 93. Rf5 {[%emt 0:00:15]} Be7 {[%emt 0:00:15]} 94. Rf7 {[%emt 0:00:32]} Bg5 {[%emt 0:01:31]} 95. Rb7 {[%emt 0:01:01]} Kc3 {[%emt 0:01:13]} 96. Rc7+ {[%emt 0:01:34]} Kd2 {[%emt 0:00:16]} 97. Rg7 {[%emt 0:02:20]} Bf6 {[%emt 0:00:16]} 98. Rf7 {[%emt 0:01:09]} Bg5 {[%emt 0:00:18]} 99. Rf2+ {[%emt 0:00:11]} Kc3 {[%emt 0:00:12]} 100. Rf3+ {[%emt 0:00:20]} Kd2 {[%emt 0:00:30]} 101. Rf7 {[%emt 0:01:07]} Kc3 {[%emt 0:00:38]} 102. Rc7+ {[%emt 0:00:32]} Kd2 {[%emt 0:00:22]} 103. Rc4 {[%emt 0:02:44]} Be7 {[%emt 0:00:07]} 104. Bb3 {[%emt 0:00:38]} Bf8 {[%emt 0:00:17]} 105. Rc7 {[%emt 0:00:14]} Bh6 {[%emt 0:01:45]} 106. Kd4 {[%emt 0:00:09]} Bf8 {[%emt 0:00:49]} 107. Rf7 {[%emt 0:00:13]} Bd6 {[%emt 0:00:36]} 108. Rf2+ {[%emt 0:00:29]} Ke1 {[%emt 0:00:18]} 109. Rf6 {[%emt 0:01:03]} Bc7 {[%emt 0:00:46]} 110. Kc4 {[%emt 0:00:37]} Ba5 {[%emt 0:00:12]} 111. Kb5 {[%emt 0:00:21]} 1-0

[Event "POL-chT 1 Liga 2019"]
[Site "Dzwirzyno"]
[Date "2019.09.11"]
[Round "5.17"]
[White "Rozycki, Bartlomiej"]
[Black "Samborski, Henryk"]
[Result "1-0"]
[WhiteElo "2200"]
[BlackElo "2098"]
[Annotator "NA"]
[PlyCount "75"]
[EventDate "2019.09.07"]
[EventType "team-tourn"]
[EventCountry "POL"]
[SourceTitle "playchess.com"]
[Source "ChessBase"]
[SourceQuality "1"]
[TimeControl "40/5400+30:1800+30"]

1. e4 {[%emt 0:00:00]} c5 {[%emt 0:00:22]} 2. Nf3 {[%emt 0:00:00]} d6 {[%emt 0:00:12]} 3. d4 {[%emt 0:00:00]} cxd4 {[%emt 0:00:10]} 4. Nxd4 {[%emt 0:00:00]} Nf6 {[%emt 0:00:11]} 5. Nc3 {[%emt 0:00:00]} a6 {[%emt 0:00:07]} 6. Bg5 {[%emt 0:00:12]} Nbd7 {[%emt 0:00:50]} 7. f4 {[%emt 0:00:12]} Qc7 {[%emt 0:01:23]} 8. Qf3 {[%emt 0:00:16]} e6 {[%emt 0:13:11]} 9. O-O-O {[%emt 0:01:41]} Be7 {[%emt 0:04:20]} 10. Bd3 {[%emt 0:08:06]} Nc5 {[%emt 0:02:54]} 11. Rhe1 {[%emt 0:04:11]} Bd7 {[%emt 0:21:36]} 12. Qg3 {[%emt 0:08:43]} h6 {[%emt 0:26:07]} 13. Bxf6 {[%emt 0:04:39]} gxf6 {[%emt 0:02:39]} 14. Qg7 {[%emt 0:15:41]} O-O-O {[%emt 0:00:24]} 15. Nf5 {[%emt 0:00:08]} exf5 {[%emt 0:01:40]} 16. Nd5 {[%emt 0:00:49]} Qa5 {[%emt 0:05:41]} 17. Nxe7+ {[%emt 0:02:45]} Kb8 {[%emt 0:00:05]} 18. Qxf6 {[%emt 0:02:01]} Nxd3+ {[%emt 0:04:14]} 19. cxd3 {[%emt 0:00:10]} Qxa2 {[%emt 0:05:13]} 20. Qxd6+ {[%emt 0:01:09]} Ka8 {[%emt 0:01:07]} 21. Qa3 {[%emt 0:00:26]} Qxa3 {[%emt 0:00:26]} 22. bxa3 {[%emt 0:00:05]} Ba4 {[%emt 0:00:55]} 23. Rd2 {[%emt 0:00:21]} fxe4 {[%emt 0:00:30]} 24. dxe4 {[%emt 0:01:20]} Rxd2 {[%emt 0:01:07]} 25. Kxd2 {[%emt 0:00:05]} Rd8+ {[%emt 0:01:13]} 26. Ke3 {[%emt 0:00:30]} Bc2 {[%emt 0:00:57]} 27. Rc1 {[%emt 0:01:56]} Re8 {[%emt 0:02:34]} 28. Nd5 {[%emt 0:04:13]} Rxe4+ {[%emt 0:00:22]} 29. Kf3 {[%emt 0:00:06]} Bd3 {[%emt 0:00:42]} 30. Nb4 {[%emt 0:00:40]} Rxb4 {[%emt 0:02:28]} 31. axb4 {[%emt 0:00:21]} Ka7 {[%emt 0:00:44]} 32. Rc7 {[%emt 0:00:12]} f5 {[%emt 0:00:03]} 33. g4 {[%emt 0:01:14]} Kb6 {[%emt 0:00:17]} 34. Re7 {[%emt 0:00:12]} fxg4+ {[%emt 0:01:29]} 35. Kxg4 {[%emt 0:01:01]} Bc4 {[%emt 0:00:24]} 36. f5 {[%emt 0:00:16]} Bd5 {[%emt 0:00:06]} 37. f6 {[%emt 0:00:11]} Kb5 {[%emt 0:00:01]} 38. Re5 {[%emt 0:00:26]} 1-0

[Event "POL-chT 1 Liga 2019"]
[Site "Dzwirzyno"]
[Date "2019.09.11"]
[Round "5.18"]
[White "Worek, Joanna"]
[Black "Moscicka, Pola"]
[Result "1-0"]
[WhiteElo "2308"]
[BlackElo "1994"]
[Annotator "NA"]
[PlyCount "59"]
[EventDate "2019.09.07"]
[EventType "team-tourn"]
[EventCountry "POL"]
[SourceTitle "playchess.com"]
[Source "ChessBase"]
[SourceQuality "1"]
[TimeControl "40/5400+30:1800+30"]

1. e4 {[%emt 0:00:00]} c5 {[%emt 0:00:00]} 2. Nf3 {[%emt 0:00:00]} Nc6 {[%emt 0:00:00]} 3. d4 {[%emt 0:00:00]} cxd4 {[%emt 0:00:00]} 4. Nxd4 {[%emt 0:00:00]} Nf6 {[%emt 0:00:00]} 5. Nc3 {[%emt 0:00:00]} e5 {[%emt 0:00:00]} 6. Ndb5 {[%emt 0:00:00]} d6 {[%emt 0:00:02]} 7. Bg5 {[%emt 0:00:05]} a6 {[%emt 0:00:08]} 8. Bxf6 {[%emt 0:00:08]} gxf6 {[%emt 0:00:05]} 9. Na3 {[%emt 0:00:06]} b5 {[%emt 0:00:07]} 10. Nd5 {[%emt 0:00:05]} Bg7 {[%emt 0:00:06]} 11. Bd3 {[%emt 0:00:08]} Ne7 {[%emt 0:00:28]} 12. Nxe7 {[%emt 0:00:07]} Qxe7 {[%emt 0:00:03]} 13. O-O {[%emt 0:00:11]} O-O {[%emt 0:00:48]} 14. c4 {[%emt 0:00:06]} f5 {[%emt 0:02:01]} 15. Qh5 {[%emt 0:00:21]} bxc4 {[%emt 0:12:33]} 16. Nxc4 {[%emt 0:01:50]} Rb8 {[%emt 0:00:42]} 17. Ne3 {[%emt 0:04:31]} Rxb2 {[%emt 0:08:19]} 18. exf5 {[%emt 0:15:14]} e4 {[%emt 0:02:57]} 19. Bc4 {[%emt 0:04:45]} Bb7 {[%emt 0:21:24]} 20. Rab1 {[%emt 0:09:49]} Rxb1 {[%emt 0:13:14]} 21. Rxb1 {[%emt 0:00:02]} Bc6 {[%emt 0:05:15]} 22. h3 {[%emt 0:08:35]} Rd8 {[%emt 0:03:31]} 23. Rd1 {[%emt 0:04:09]} Bb5 {[%emt 0:09:57]} 24. Bb3 {[%emt 0:15:33]} Bd3 {[%emt 0:01:34]} 25. Nd5 {[%emt 0:05:32]} Qe5 {[%emt 0:01:40]} 26. Qh4 {[%emt 0:00:24]} Re8 {[%emt 0:05:39]} 27. f6 {[%emt 0:01:37]} Bh8 {[%emt 0:00:44]} 28. Ne7+ {[%emt 0:00:14]} Rxe7 {[%emt 0:00:54]} 29. fxe7 {[%emt 0:00:02]} Bf6 {[%emt 0:00:10]} 30. Qxf6 {[%emt 0:00:06]} 1-0

[Event "POL-chT 1 Liga 2019"]
[Site "Dzwirzyno"]
[Date "2019.09.11"]
[Round "5.19"]
[White "Sopur, Lech"]
[Black "Klekowski, Maciej"]
[Result "1/2-1/2"]
[WhiteElo "2417"]
[BlackElo "2473"]
[Annotator "TA"]
[PlyCount "28"]
[EventDate "2019.09.07"]
[EventType "team-tourn"]
[EventCountry "POL"]
[SourceTitle "playchess.com"]
[Source "ChessBase"]
[SourceQuality "1"]

{[%evp 11,24,16,4,10,23,11,11,13,15,12,31,0,0,4,0]} 1. d4 d5 2. c4 e6 3. Nc3 Nf6 4. Nf3 Be7 5. Bg5 h6 6. Bh4 b6 7. e3 {D53: Queen's Gambit Declined: 4 Bg5 Be7: Early deviations} (7. Qa4+ c6 8. cxd5 Nxd5 9. Bxe7 Nxc3 10. bxc3 Qxe7 11. e4 O-O 12. Bd3 Bb7 13. O-O c5 14. Rfe1 Qd7 15. Qxd7 Nxd7 {½-½ (25) Khismatullin,D (2621)-Korobov,A (2713) Moscow 2016}) 7... Bb7 8. cxd5 Nxd5 9. Bxe7 Qxe7 10. Qa4+ Qd7 11. Bb5 c6 {[#] aiming for ...Nxc3.} 12. Be2 Nxc3 {Predecessor:} 13. bxc3 $146 c5 14. Qxd7+ Nxd7 {0-1 (35) Goldberg,B (2095)-Perl,J (2045) Natick 2003} 1/2-1/2